[Event "Baden-ch U1400"]
[Site "Walldorf"]
[Date "2017.07.29"]
[Round "5"]
[White "Claus, Lennart"]
[Black "Friedrich, Marc"]
[Result "1-0"]
[WhiteElo "798"]
[BlackElo "712"]
[PlyCount "107"]
[EventDate "2017.07.26"]
[EventType "swiss"]
[EventRounds "7"]
[EventCountry "GER"]
[SourceTitle "EXT 2018"]
[Source "ChessBase"]
[SourceDate "2017.10.13"]
[SourceVersion "1"]
[SourceVersionDate "2017.10.13"]
[SourceQuality "1"]

1. e4 e5 2. Nf3 Nc6 3. d4 exd4 4. Nxd4 Nxd4 5. Qxd4 Qh4 6. g3 Qh5 7. Nc3 c5 8. Qd3 Qe5 9. Bg2 Qd4 10. Qd2 b6 11. 0-0 d6 12. e5 g6 13. Bxa8 Bh3 14. Bg2 Bh6 15. Qe1 dxe5 16. Bxh3 Nf6 17. Bd2 Qxd2 18. Qxe5+ Kf8 19. Qxf6 Bg7 20. Rad1 Qxd1 21. Rxd1 Bxf6 22. Rd7 Kg7 23. Rxa7 Re8 24. a3 Re1+ 25. Kg2 Bg5 26. f4 Be7 27. Nd5 Bd6 28. Nxb6 Bb8 29. Ra5 Re2+ 30. Kf3 Rxc2 31. Na4 Bd6 32. Ra6 Be7 33. Ra7 Bf8 34. Ke3 Rc4 35. Nc3 Rd4 36. Be6 Bd6 37. Rxf7+ Kh6 38. Bd5 c4 39. Kxd4 Bb8 40. Bxc4 Bd6 41. a4 Bb4 42. f5 Kg5 43. fxg6 Kxg6 44. g4 Bxc3+ 45. Kxc3 h6 46. Rf3 h5 47. gxh5+ Kxh5 48. Kd3 Kg4 49. Ke3 Kg5 50. a5 Kg4 51. a6 Kh4 52. a7 Kg4 53. a8Q Kg5 54. Qg8+ 1-0

[Event "Baden-ch U1400"]
[Site "Walldorf"]
[Date "2017.07.29"]
[Round "6"]
[White "Kowohl, Ewald"]
[Black "Claus, Lennart"]
[Result "1-0"]
[WhiteElo "1290"]
[BlackElo "798"]
[PlyCount "67"]
[EventDate "2017.07.26"]
[EventType "swiss"]
[EventRounds "7"]
[EventCountry "GER"]
[SourceTitle "EXT 2018"]
[Source "ChessBase"]
[SourceDate "2017.10.13"]
[SourceVersion "1"]
[SourceVersionDate "2017.10.13"]
[SourceQuality "1"]

1. d4 e6 2. e4 d5 3. e5 c5 4. c3 Nc6 5. Nf3 Qb6 6. Na3 Bd7 7. b3 f6 8. Nc2 Qa5 9. Bd2 fxe5 10. dxe5 Be7 11. Be2 Nh6 12. c4 Qb6 13. cxd5 exd5 14. Bxh6 gxh6 15. Qxd5 Nb4 16. Nxb4 Qxb4+ 17. Qd2 Qxd2+ 18. Nxd2 Bg5 19. Nc4 Bc6 20. Nd6+ Ke7 21. 0-0 Bf4 22. Rad1 Bxe5 23. Nf5+ Ke6 24. Nxh6 Rhd8 25. Ng4 a6 26. Bc4+ Kf5 27. Ne3+ Kf6 28. Nc2 Rxd1 29. Rxd1 b5 30. Be2 Be4 31. Ne3 Rg8 32. g3 Bd4 33. Ng4+ Kf5 34. Nh6+ 1-0

[Event "Baden-ch U1400"]
[Site "Walldorf"]
[Date "2017.07.27"]
[Round "2"]
[White "Claus, Lennart"]
[Black "Neu, Kurt"]
[Result "1-0"]
[WhiteElo "798"]
[BlackElo "1070"]
[PlyCount "39"]
[EventDate "2017.07.26"]
[EventType "swiss"]
[EventRounds "7"]
[EventCountry "GER"]
[SourceTitle "EXT 2018"]
[Source "ChessBase"]
[SourceDate "2017.10.13"]
[SourceVersion "1"]
[SourceVersionDate "2017.10.13"]
[SourceQuality "1"]

1. e4 e5 2. Nf3 Nc6 3. d4 exd4 4. Nxd4 Nxd4 5. Qxd4 Nf6 6. Nc3 b6 7. Bc4 Bb7 8. 0-0 Be7 9. e5 c5 10. Qd3 Ng4 11. Bf4 0-0 12. Qg3 h5 13. Rad1 Kh8 14. Nd5 Bh4 15. Qh3 Re8 16. e6 fxe6 17. Nc7 e5 18. Nxe8 exf4 19. Nd6 Bc6 20. Nf7+ 1-0